00677nam a22001937a 450000500170000001000150001702000260003202000230005803500140008103700130009508200140010824501340012226000450025627000640030130000240036550000500038970000230043970000210046220161108123541.0 aENG-116479 c895.00a9780199466481 c895.00a0199466483 aEN-100011 bDBAD/PUB a337.54051 aPoised for partnership :cedited by Rohan Mukherjee [and] Anthony Yazakibdeepending India-Japan relations in the Asian century / aNew DelhibOxford University Pressc2016 aYMCA Library Building, 1 Jai Singh Road,bNew Delhie110001 axIi,347p.c23cm(Hb) aIncludes bibliographical references and index a Mukherjee, Rohan  aYazaki, Anthony